000 00668nam a2200205 i 4500
001 38678
003 ES-MaACL
005 20230906155811.0
007 t|
008 030226s1960 sp ||||1| spa d
100 1 _aCalimeri, Michele.
_933674
245 1 4 _aLas compras
_b: cómo programarlas, organizarlas y controlarlas /
_cpor Michele Calimeri ; [traducción de J. Calm Domenech].
260 _aBarcelona :
_bHispano Europea,
_c[1960] (
_fMyria)
300 _a288 p. ;
_c24 cm.
490 1 _aColección Galileo
700 1 _aCalm Domenech, J.
_933761
830 0 _aColección Galileo
_9181173
852 _aES-MaACL
_jC-19222
_bR.46696
999 _c38678
_d38678